000 01698nkm0a22003491 4500
001 RU\NLR\INFOCOMM_10\5000066712
005 20250806205533.0
035 _a(NLR Aleph) 010755715
090 _a74837
_c74837
100 _a20250806 rusy50
101 0 _arus
102 _aRU
116 _aiybxx xx zz
135 _acrcn 024apaba
200 1 _aЛичный боевой счет снайпера-истребителя
_bИзоматериалы
_e[бланк]
_fУправление войск НКВД по охране тыла Ленинградского фронта
210 _a[Ленинград
_d1941-1944]
215 _a1 кн.
_d10х7 см
300 _aПодпись: Начальник войск НКВД О. Т. Ленинградского фронта генерал-лейтенант Степанов
325 _aКопия доступна в Электрон. б-ке РНБ
606 1 0 _aБлокада Ленинграда
_z1941 - 1944
_2nlr_sh
_3RU\NLR\AUTH\661253360
801 1 _aRU
_binfocomm
_c20150325
801 0 _aRU
_bNLR
_gPSBO
852 _aNLR
_bЛ3-340
_j6-3/1-1
_pЛМ.1534
856 0 _uhttp://vivaldi.nlr.ru/al000000235/view
856 1 _uhttp://vivaldi.nlr.ru/al000000235/cover
856 2 _uhttp://vivaldi.nlr.ru/al000000235/text
942 _cVISUAL
945 _aРоссийская национальная библиотека
980 _aBV
981 3 7 _a(37) Ленинград в Великой Отечественной войне
_b(37) Бланки официальных документов, продовольственные карточки
981 3 4 _a(34) Санкт-Петербург